000 00317nam a2200157Ia 4500
100 _aChetan Bhagat
650 _aGeneral
942 _cBK
366 _f20
654 _acall centre
245 _aOne night @the call centre
260 _bPenquin books
_c2005
300 _a289
546 _aENGLISH
999 _c20247
_d20247